Broadway Word Ladder Quiz Stats

 Plays Quiz Updated Mar 19, 2018

Challenge
Share
Tweet
Embed
Score 0/32 Timer 07:00
3 Plays Today
Lyric (Musical) Word % Correct
Think of me, think of me fondly when we've ____ goodbye. (The Phantom of the Opera)SAID
87.3%
No tight end can defend against the ____ and snap. (Legally Blonde)BEND
82.1%
Go, greased lightnin', you're burnin' up the quarter ____. (Grease)MILE
81%
Like a ship blown from its mooring. By a ____ off the sea. (Wicked)WIND
80.5%
Running away- let's do it, Free from the ties that ____. (Into the Woods)BIND
79.4%
Quick, ____ in the clowns. Don't bother, they're here. (A Little Night Music)SEND
79.1%
But then, one winter's night, an old beggar woman came to the castle and offered him a single ____ in return for shelter from the bitter cold. (Beauty and the Beast)ROSE
77.1%
No matter what the circumstance for one thing I'm renowned, My character is spit spot spic and ____. (Mary Poppins)SPAN
77.1%
So I took the shotgun off the wall and I fired two warning shots... ...into his ____. (Chicago)HEAD
76.7%
Those broads thought they'd win, if a plate they would ____ in their dance. Not a chance! (Hairspray)SPIN
73.1%
Downtown. When you buy your token, you go home to ____ row. (Little Shop of Horrors)SKID
72.7%
She said, 'I'm forbidden to produce ____. In Cyberland, only thing we drink is Diet Coke.' (Rent)MILK
71.8%
Ibala lami [The color of my ____] Elimnyama [That is dark] Ndiya zidla ngalo [I'm proud of it] (The Lion King)SKIN
71%
Though the years race along, I still think of our song on the ____. (La Cage Aux Folles)SAND
70.7%
When I think of ____, I think of a place where there's love overflowing. (The Wiz)HOME
69.7%
There's a ____ in the world like a great black pit and the vermin of the world inhabit it. (Sweeney Todd)HOLE
69.2%
Lyric (Musical) Word % Correct
You've brought the cake-walk back into style, ____. (MAME) [That's the answer]MAME
68.7%
Stop!...What do you get? Someone to ____ you too close, Someone to hurt you too deep, Someone to sit in your chair. (Company)HOLD
68.4%
The worst pies in London... And no wonder with the price of ____. What it is. When you get it. (Sweeney Todd)MEAT
68.1%
A flea can bite the bottom of the Pope in ____! (Les Miserables)ROME
67.3%
I am the one who ____ you. I am the one who cried. I am the one who watched while you died. (Next to Normal)HELD
65%
Become the simplest and ____ complicated. Pleasure yet devised. For just the kind of mind. (Chess)MOST
64.6%
When a snake of a guy gave me an evil ____. He shook me up, he took me by surprise. (Rocky Horror Picture Show)WINK
61.6%
You haven't got a clue, If you don't have a Jew, All of your investments you are going to ____! (Spamalot)LOSE
59.7%
He's as chatty as a parrot. More annoying than a ____. (Shrek)MIME
58%
The world spins around while I'm frozen to my ____. (In The Heights)SEAT
56.8%
____ in the darkness. Silence surrounds you. Once there was morning. Now endless night. (Jekyll & Hyde)LOST
56.8%
Oh… Someone to fly and to float with to swim in the marsh and the ____ with as for this one… (Once Upon a Mattress)MOAT
55.7%
When you see a Joe saving half of his dough, you can bet there'll be ____ in it for some doll. (Guys and Dolls)MINK
55.3%
Meal by meal, shout by shout. Deal by deal, ____ by ____. (Sunday in the Park with George)SPAT
51.7%
Through the wind, through the dark, through the winter light. I will ____ all their dreams to the stars. (Spring Awakening)READ
41.5%
No other ____. No other way. No day but today. (Rent)ROAD
40.6%

You're not logged in!

Compare scores with friends on all Sporcle quizzes.
Join for Free
OR
Log In

You Might Also Like...

Show Comments

Extras

Top Quizzes Today


Score Distribution

Your Account Isn't Verified!

In order to create a playlist on Sporcle, you need to verify the email address you used during registration. Go to your Sporcle Settings to finish the process.

Report this User

Report this user for behavior that violates our Community Guidelines.

Details: